John F. Kennedy : (Record no. 88878)

MARC details
000 -LEADER
fixed length control field 00807nam a2200253 i 4500
001 - CONTROL NUMBER
control field C2-0282657
003 - CONTROL NUMBER IDENTIFIER
control field PPAK
005 - DATE AND TIME OF LATEST TRANSACTION
control field 20180728012945.0
008 - FIXED-LENGTH DATA ELEMENTS--GENERAL INFORMATION
fixed length control field 071017s2007 nyua|||| ||||| | eng d
020 ## - INTERNATIONAL STANDARD BOOK NUMBER
International Standard Book Number 1402747497
040 ## - CATALOGING SOURCE
Original cataloging agency PPAK
Language of cataloging eng
Transcribing agency PPAK
Description conventions rda
082 04 - DEWEY DECIMAL CLASSIFICATION NUMBER
Classification number 973.922092
Edition number 23
090 00 - LOCALLY ASSIGNED LC-TYPE CALL NUMBER (OCLC); LOCAL CALL NUMBER (RLIN)
Classification number (OCLC) (R) ; Classification number, CALL (RLIN) (NR) 973.922092
Feature heading HOD
Feature heading R
100 1# - MAIN ENTRY--PERSONAL NAME
Personal name Hodge, Marie,
Relator term author
245 10 - TITLE STATEMENT
Title John F. Kennedy :
Remainder of title voice of hope
264 #1 - PRODUCTION, PUBLICATION, DISTRIBUTION, MANUFACTURE, AND COPYRIGHT NOTICE
Place of production, publication, distribution, manufacture New York :
Name of producer, publisher, distributor, manufacturer Sterling Publishing Co., Inc ,
Date of production, publication, distribution, manufacture, or copyright notice 2007
300 ## - PHYSICAL DESCRIPTION
Extent 124 pages :
Other physical details illustrations ;
Dimensions 20 cm
336 ## - CONTENT TYPE
Source rdacontent
Content type term text
337 ## - MEDIA TYPE
Source rdamedia
Media type term unmediated
338 ## - CARRIER TYPE
Source rdacarrier
Carrier type term volume
500 ## - GENERAL NOTE
General note Includes bibliographical references and index
650 10 - SUBJECT ADDED ENTRY--TOPICAL TERM
Topical term or geographic name entry element Kennedy, John F. (John Fitzgerald), 1917-1963 ; Presidents--United States--Biography
942 ## - ADDED ENTRY ELEMENTS (KOHA)
-- dc
Koha item type Book
Holdings
Withdrawn Not for loan Current library Shelving location Date acquired Full call number Barcode Date last seen Koha item type
  Not For Loan Perpustakaan Alor Setar Rujukan Dewasa 05/03/2008 R 973.922092 HOD A01186375 09/05/2018 Book
  Not For Loan Perpustakaan Awam Sungai Petani Rujukan Dewasa 05/03/2008 R 973.922092 HOD A01186376 09/05/2018 Book
  Not For Loan Perpustakaan Jitra Rujukan Dewasa 05/03/2008 R 973.922092 HOD A01186377 09/05/2018 Book
  Not For Loan Perpustakaan Kulim Rujukan Dewasa 05/03/2008 R 973.922092 HOD A01186378 09/05/2018 Book
  Not For Loan Perpustakaan Langkawi Rujukan Dewasa 05/03/2008 R 973.922092 HOD A01186379 09/05/2018 Book